Fisiología del ejercicio / (Record no. 107572)

MARC details
000 -LEADER
campo de control de longitud fija 00671nam a2200193 4500
001 - NÚMERO DE CONTROL
campo de control 107572
003 - IDENTIFICADOR DE NÚMERO DE CONTROL
campo de control ES-MaACL
007 - CAMPO FIJO DE DESCRIPCIÓN FÍSICA--INFORMACIÓN GENERAL
campo de control de longitud fija t|
008 - DATOS DE LONGITUD FIJA--INFORMACIÓN GENERAL
campo de control de longitud fija 061121s1974 ag r ||||1| spa d
100 1# - ENTRADA PRINCIPAL--NOMBRE DE PERSONA
Nombre de persona Morehouse, Laurence E.
9 (RLIN) 83221
245 10 - MENCIÓN DEL TÍTULO
Título Fisiología del ejercicio /
Mención de responsabilidad, etc. E. Laurence Morehouse, Augusto T. Miller; prólogo de Bernardo A. Houssay: [ traducción de Alberto F. Leveroni].
250 ## - MENCION DE EDICION
Mención de edición 3.ª ed.
260 ## - PUBLICACIÓN, DISTRIBUCIÓN, ETC.
Lugar de publicación, distribución, etc. Buenos Aires [etc.] :
Nombre del editor, distribuidor, etc. El Ateneo,
Fecha de publicación, distribución, etc. 1974.
300 ## - DESCRIPCIÓN FÍSICA
Extensión Xii, 306 p. :
Otras características físicas il ;
Dimensiones 23.
700 1# - ENTRADA AGREGADA--NOMBRE PERSONAL
Nombre de persona Miller, Augusto T.
9 (RLIN) 81200
700 1# - ENTRADA AGREGADA--NOMBRE PERSONAL
Nombre de persona Houssay, Bernardo A.
9 (RLIN) 64352
700 1# - ENTRADA AGREGADA--NOMBRE PERSONAL
Nombre de persona Leveroni, Alberto F.
9 (RLIN) 71937
852 ## - LOCALIZACIÓN
Ubicación ES-MaACL
Número de control de estantería E-7719
Sublocalización o colección R.92114
Holdings
Estatus retirado Estado de pérdida Estado de daño No para préstamo Biblioteca de origen Biblioteca actual Ubicación en estantería Fecha de adquisición Fuente de adquisición Total de préstamos Signatura topográfica completa Código de barras Visto por última vez Precio de reemplazo Tipo de ítem Koha
        Biblioteca del Ateneo de Madrid Biblioteca del Ateneo de Madrid Depósito 2 17/01/2008     E-7719 1112266 23/02/2023 23/02/2023 Libro impreso